Most Streamed Chappell Roan Songs - Statistics

General Stats
  • This quiz has been taken 59 times
    31 since last reset
  • The average score is 9 of 20
Answer Stats
# Streams Answer % Correct
2 918,240,567 Pink Pony Club
92%
1 1,779,454,626 Good Luck, Babe!
79%
11 161,325,065 The Subway
79%
3 788,298,502 HOT TO GO!
75%
4 549,206,385 Red Wine Supernova
63%
13 136,219,818 The Giver
63%
5 483,847,166 Casual
58%
6 320,806,141 Femininomenon
58%
14 77,319,717 California
42%
8 204,224,829 Naked In Manhattan
38%
9 185,343,087 Super Graphic Ultra Modern Girl
38%
15 76,058,988 Coffee
33%
7 301,895,827 My Kink Is Karma
33%
18 58,395,349 Guilty Pleasure
21%
16 74,315,006 Kaleidoscope
21%
17 61,684,834 Love Me Anyway
21%
12 160,816,714 Picture You
21%
19 26,162,494 School Nights
17%
10 166,506,521 After Midnight
13%
20 18,442,324 Good Hurt
13%
No matching quizzes found
Score Distribution
Percent of People with Each Score
Percentile by Number Answered
Your Score History
You have not taken this quiz since the last reset